Accounting INformation Systems (Record no. 6058)

MARC details
005 - DATE AND TIME OF LATEST TRANSACTION
control field 20250628143255.0
020 ## - INTERNATIONAL STANDARD BOOK NUMBER
International Standard Book Number 0-324-02639-0
082 ## - DEWEY DECIMAL CLASSIFICATION NUMBER
Classification number 657.02 HA
100 ## - MAIN ENTRY--PERSONAL NAME
Author name HALL, J.A.
245 ## - TITLE STATEMENT
Title Accounting INformation Systems
250 ## - EDITION STATEMENT
Edition statement 3rd Ed.
260 ## - PUBLICATION, DISTRIBUTION, ETC.
Place of publication, distribution, etc. Australia
Name of publisher, distributor, etc. South-Western College Publishing
Date of publication, distribution, etc. 2000
300 ## - PHYSICAL DESCRIPTION
Extent xxvi; 899Pages; Glossary; Index
Other physical details Illustration
Dimensions 24cm
942 ## - ADDED ENTRY ELEMENTS (KOHA)
Source of classification or shelving scheme Dewey Decimal Classification
Koha item type Books
Holdings
Date last seen Total checkouts Full call number Barcode Cost, replacement price Price effective from Koha item type Lost status Source of classification or shelving scheme Damaged status Not for loan Withdrawn status Home library Current library Shelving location Date acquired Source of acquisition Cost, normal purchase price
06/28/2025   657.02 HA DOM000508 150000.00 06/28/2025 Books   Dewey Decimal Classification       CBE Dodoma CBE Dodoma Reference Collection 12/10/2003 Library Budget 50000.00